00686nam a22001937a 450000500170000001000150001702000260003203500140005803700130007208200110008510000240009624501300012025000120025026000410026227000880030330000300039150000500042170000210047120191018160139.0 aENG-126708 a9789353438913c599.00 aEN-110240 bDBAD/PUB a005.74 aConnolly, Thomas M. aDatabase systems :cThomas M. Connolly [and] Carolyn E. Beggba practical approach to design, implementation and management / a6th ed. aNoidabPearson India Educationc2020 a15th Floor, Towe-B, World Trade Tower, Plot No.1, Block-C, Sector-16bNoidae201301 avarious pagingc23cm(pbk) aIncludes bibliographical references and index aBegg, Carolyn E.